| 000 | 005820000a22001810004500 | ||
|---|---|---|---|
| 003 | MACL | ||
| 005 | 20160604140322.0 | ||
| 008 | 160604b xxu||||| |||| 00| 0 eng d | ||
| 040 |
_aMACL _cMACL |
||
| 041 | _aHindi | ||
| 082 | _a920 | ||
| 100 |
_aडॉ विनय _940975 |
||
| 245 |
_aज्यॉ पाल सार्त्र _bशब्दों की दुनिया _cडॉ विनय |
||
| 260 |
_aदिल्ली _bमदन लाल एंड संस _c2010 |
||
| 350 | _a250 | ||
| 650 |
_aAutobiography _962400 |
||
| 942 |
_cHIN _k920/VIN _2ddc |
||
| 999 |
_c47062 _d47062 |
||